Central Library OPAC University of Rajshahi

Development of mineral resources in Asia and the Far East; (Record no. 46424)

MARC details
000 -LEADER
fixed length control field 01413nam a2200325 a 4500
001 - CONTROL NUMBER
control field 46424
003 - CONTROL NUMBER IDENTIFIER
rucl marc code BD-RjUL
005 - DATE AND TIME OF LATEST TRANSACTION
control field 20211209054142.0
008 - FIXED-LENGTH DATA ELEMENTS--GENERAL INFORMATION
fixed length control field 160802s1953 th 000 0 eng
035 ## - SYSTEM CONTROL NUMBER
System control number (BD-RjUL)46542
System control number (NNC)2702522
040 ## - CATALOGING SOURCE
Original cataloging agency DLC
Transcribing agency DGW
Modifying agency OCL
-- OCLCQ
-- BD-RjUL
Language of cataloging eng
041 ## - LANGUAGE CODE
Language code of text/sound track or separate title eng
082 ## - DEWEY DECIMAL CLASSIFICATION NUMBER
Classification number 338.2
Edition number 23
Author mark and year DEV 1953
111 2# - MAIN ENTRY--MEETING NAME
Meeting name or jurisdiction name as entry element Regional Conference on Mineral Resources Development
Date of meeting (1953 :
Location of meeting Tokyo, Japan)
9 (RLIN) 141712
245 10 - TITLE STATEMENT
Title Development of mineral resources in Asia and the Far East;
Statement of responsibility, etc. report and documents, prepared by the Industrial Development Division, Economic Commission for Asia and the Far EAst.
260 ## - PUBLICATION, DISTRIBUTION, ETC. (IMPRINT)
Place of publication, distribution, etc. Bangkok,
Date of publication, distribution, etc. 1953.
300 ## - PHYSICAL DESCRIPTION
Pagination v, 366 p. :
Illustrations ill. ;
Size 28 cm.
490 1# - SERIES STATEMENT
Series statement Mineral resources development series ;
Volume/sequential designation no. 2
500 ## - GENERAL NOTE
General note [United Nations. Document] E/CN. 11/374.
General note "United Nations publication. Sales number: 1953. II. F.5."
General note At head of title: United Nations. Dept. of Economic Affairs.
650 #0 - SUBJECT ADDED ENTRY--TOPICAL TERM
Topical term or geographic name as entry element Mines and mineral resources
Geographic subdivision Asia.
9 (RLIN) 141713
Topical term or geographic name as entry element Mines and mineral resources
Geographic subdivision East Asia.
9 (RLIN) 141714
710 2# - ADDED ENTRY--CORPORATE NAME
Corporate name or jurisdiction name as entry element United Nations.
Subordinate unit Economic Commission for Asia and the Far East.
9 (RLIN) 141715
830 #0 - SERIES ADDED ENTRY--UNIFORM TITLE
Uniform title Document (United Nations) ;
Volume number/sequential designation E/CN. 11/374.
Uniform title Mineral resources development series ;
Volume number/sequential designation no. 2.
942 ## - ADDED ENTRY ELEMENTS (KOHA)
Source of classification or shelving scheme Dewey Decimal Classification
Koha item type Books
Holdings
Lost status Source of classification or shelving scheme Damaged status Not for loan Collection code Permanent Location Current Location Shelving location Date acquired Source of acquisition Cost, normal purchase price Total Checkouts Full call number Date last seen Copy number Koha item type
  Dewey Decimal Classification     Non-fiction Central Library, University of Rajshahi Central Library, University of Rajshahi   08/03/1956 B.H.Blackwell 1.50   338.2 DEV 1953 02/08/2016 C-2 Books